00710 a2200181 4500003000500000005001700005040000900022082001500031100002500046245004500071260002800116300001000144505019900154650002000353942001200373999001900385952012400404Nust20230119183705.0 cNust a808.82,HAR aHardy, Thomas927910 aThe Return of the native /cThomas Hardy aLondonbMacmillanc1934 a481:p aThe Three Woman (Page-1), The Arrival (Page-121), The Return of the Native (Page-133), The Fascination (Page-195), The Closed Door (Page-279), The Discovery (Page-361), AfterCourses (Page-449).  aA Novel9107173 2ddccBK c186895d186895 00102ddc4070aMCSbMCScGENd2016-12-12o808.82,HARpMCS29872r2016-12-08w2016-12-12yBKzAlmirah No.56, Shelf No.3